Lengua y literatura 1 : (Registro nro. 9978)

Detalles MARC
000 -LIDER
fixed length control field 02129nam a2200349 a 4500
001 - NÚMERO DE CONTROL
Identificador de número de control 000013004
003 - IDENTIFICACDOR DE NÚMERO DE CONTROL
control field DO-SdBNP
005 - DATE AND TIME OF LATEST TRANSACTION
control field 20180306141557.0
007 - CAMPOS FIJOS DE DESCRIPCIÓN FÍSICA
fixed length control field 000013004
008 - ELEMENTOS DE LONGITUD FIJA
fixed length control field 091123s 2001 dr abc 000 0 spa d
020 ## - ISBN
International Standard Book Number 8482613545
040 ## - FUENTE DE CATALOGACIÓN
Agencia que crea de manera original el registro BPMSU
Idioma de catalogación spa
Agencia que realiza la transcripción BPMSU
092 ## - LOCALLY ASSIGNED DEWEY DECIMAL CALL NUMBER
Número de clasificación 372.61
Número de ítem (Cutter) L566
100 1# - ASIENTO PRINCIPAL -- NOMBRE PERSONAL
Nombre personal García Cartagena, Manuel
245 10 - MENCIÓN DE TITULO
Título Lengua y literatura 1 :
Subtítulo educación media /
Mención de responsabilidad Manuel García de Escobar ; dirección editorial Obdulia García de Escobar ; ilustración Ruddy Núñez.
260 ## - PUBLICACIÓN, DISTRIBUCIÓN, ETC. (PIE DE IMPRENTA)
Lugar de publicación, distribución, etc Santo Domingo :
Nombre del editor, distribuidor, etc. Santillana,
Fecha de publicación, distribución, etc 2001.
300 ## - DESCRIPCIÓN FÍSICA
Extensión 279 p. :
Otros detalles físicos il., mapas., retrs. ;
Dimensiones 28 cm.
490 1# - MENCIÓN DE SERIES
Mención de serie Umbral
500 ## - NOTA GENERAL
Nota general Primero de bachillerato. 1er. curso/ Primer ciclo
500 ## - NOTA GENERAL
Nota general Edición anotada para el profesor
505 1# - NOTA DE CONTENIDO
Título Procedimientos y prácticas de producción textual --
-- Análisis y estudio de la comunicación --
-- Estudio de la lengua --
-- Literatura dominicana (siglo XVI-XIX) conectada con literatura española (siglos XIII-XIX).
505 1# - NOTA DE CONTENIDO
Título La mecánica narrativa --
-- La mecánica expositiva --
-- Cuenta con tus amigos y amigas --
-- Nuestro universo americano --
-- Nuestro tesoro: la salud --
-- Proyecto 1.<br/>Tras los pasos de Don Quijote --
-- Mecánica argumentativa --
-- La mecánica prescriptiva --
-- El valor de la vida --
-- La alegría del trabajo --
-- Vivamos a ciencia cierta --
-- La mecánica persuasiva --
-- La mecánica descriptiva --
-- El arte de ser dominicanos --
-- Creando, creemos; creyendo, creamos... --
-- Juntos vivamos mejor --
-- Proyecto 2.<br/>Una lengua viva: el español en República Dominicana --
-- La mecánica del párrafo --
-- La mecánica del comentario --
-- Construyamos nuestro futuro trabajando --
-- La Salud no es cosa de juego --
-- El mundo cabe en tu corazón --
700 12 - ASIENTO SECUNDARIO -- NOMBRE PERSONAL
Nombre personal García de Escobar, Obdulia de,
Mención de responsabilidad ed.
700 12 - ASIENTO SECUNDARIO -- NOMBRE PERSONAL
Nombre personal Núñez, Ruddy,
Mención de responsabilidad il.
830 #0 - ASIENTO SECUNDARIO DE SERIE--TÍTULO UNIFORME
Título uniforme Umbral
930 #1 - EQUIVALENCE OR CROSS-REFERENCE-UNIFORM TITLE HEADING [LOCAL, CANADA]
Language of a work BND01
Medium of performance for music LF1
Field link and sequence number 20091123
Date of a work 01
Name of part/section of a work CT
Miscellaneous information 8136
942 ## - ADDED ENTRY ELEMENTS (KOHA)
Source of classification or shelving scheme Dewey Decimal Classification
Koha item type Libros
956 ## - LOCAL ELECTRONIC LOCATION AND ACCESS (OCLC)
Nombre de host JPARRA
Número de acceso 10
Información de compresión 20091123
Inicio de sesión BND01
Procesador de solicitud 1157
956 ## - LOCAL ELECTRONIC LOCATION AND ACCESS (OCLC)
Nombre de host BTAVAREZ
Número de acceso 10
Información de compresión 20100817
Inicio de sesión BND01
Procesador de solicitud 1112
956 ## - LOCAL ELECTRONIC LOCATION AND ACCESS (OCLC)
Nombre de host VMATEO
Número de acceso 10
Información de compresión 20150730
Inicio de sesión BPMSU
Procesador de solicitud 00151
956 ## - LOCAL ELECTRONIC LOCATION AND ACCESS (OCLC)
Nombre de host LOPEREZ
Número de acceso 10
Información de compresión 20160425
Inicio de sesión BPMSU
Procesador de solicitud 00041
Existencias
Withdrawn status Lost status Source of classification or shelving scheme Damaged status Not for loan Collection code Home library Current library Date acquired Source of acquisition Total Checkouts Barcode Date last seen Copy number Price effective from Koha item type
    Dewey Decimal Classification       Biblioteca Pública Metropolitana Salomé Ureña Biblioteca Pública Metropolitana Salomé Ureña 05/03/2016 Donación   BPMSU16050007 05/03/2016 ej. 1 05/03/2016 Libros